| 000 | 00480nam a2200157 4500 | ||
|---|---|---|---|
| 001 | 139952 | ||
| 003 | ES-MaACL | ||
| 005 | 20230906195944.0 | ||
| 007 | t| | ||
| 008 | 070214m19671968sp r ||||1| spa d | ||
| 100 | 1 |
_aSchop Santos, Ernesto. _9104655 |
|
| 245 | 1 | 0 |
_aLegislación y estudio práctico de las sociedades anónimas / _cErnesto Schop Santos. |
| 260 |
_aBarcelona : _bBosch, _c1967-1968. |
||
| 300 |
_a4 t. en 5 v. ; _c24 cm. |
||
| 852 |
_aES-MaACL _jC-35794-8 _bR.68341 |
||
| 999 |
_c139952 _d139952 |
||